| 000 | 00400nam a22001217a 4500 | ||
|---|---|---|---|
| 082 | _aTHE 200 | ||
| 100 |
_aALAM ZEB, _969983 |
||
| 245 | _aTH-SOF-0616-DESIGN AND DEVELOPMENT OF PROTOCOLS FOR A MANUFACTURING CELL OF HIGH PRECISION PRODUCT IN A JOB SHOP ENVIRONMENT | ||
| 260 |
_aNUST COLLEGE OF EME _bISLAMABAD _c2018 |
||
| 650 | _a MS-EM-3 MSTHESIS | ||
| 700 |
_a DR NAWAR KHAN _918465 |
||
| 942 | _cCF | ||
| 999 |
_c578842 _d578842 |
||